| 000 | 02156cam a22004574i 4500 | ||
|---|---|---|---|
| 003 | PE-LiUPU | ||
| 005 | 20250905093008.0 | ||
| 008 | 150625s2005 sp rb 000 0 spa d | ||
| 020 | _a8481696110 | ||
| 035 | _a(Sirsi) i9788481696110 | ||
| 040 |
_aPE-LiUPU _bspa _cPE-LiUPU _erda |
||
| 049 | _aPRUA | ||
| 082 | 0 | 4 |
_a221.077 _bC732 _221 |
| 245 | 0 | 0 |
_aComentario bíblico latinoamericano : _bAntiguo Testamento, Pentateuco y textos narrativos. 1 / _cPublicado bajo la dirección de Armando J. Levoratti con la colaboración de Pablo R. Andiñach, Lucía Victoria Hernández Cardona y Humberto Jiménez Gómez. |
| 264 | 1 |
_aNavarra : _bVerbo Divino, _c2005. |
|
| 300 |
_a952 páginas ; _c25 centímetros |
||
| 336 |
_atext _2rdacontent |
||
| 337 |
_aunmediated _2rdamedia |
||
| 338 |
_avolume _2rdacarrier |
||
| 504 | _aIncluye referencias bibliográficas la final de cada comentario. | ||
| 505 | 0 | _aArtículos generales -- La interpretación de la Sagrada Escritura -- Marco geográfico del Antiguo Testamento -- Biblia y evangelización -- Lectivo divina -- Teología de la liberación y teología india. -Ecumenismo -- La violencia en la biblia -- Comentarios al Antiguo Testamento I: Pentateuco y textos narrativos. | |
| 526 | _aSEG42 | ||
| 526 | _aSEG41 | ||
| 526 | _aSEG40 | ||
| 526 | _aSEG39 | ||
| 526 | _aP94 | ||
| 526 | _aP87 | ||
| 526 | _aP86 | ||
| 526 | _aP85 | ||
| 526 | _aP77 | ||
| 526 | _aP76 | ||
| 526 | _aP35 | ||
| 630 | 1 | 4 |
_aBiblia. _pAntiguo Testamento _xComentarios. |
| 700 | 1 |
_aLevoratti, Armando J., _edirector. |
|
| 942 |
_2ddc _cBK |
||
| 949 |
_a221.077 L54 1 _wDEWEY _c1 _i59009 _d2016-6-16 _e2016-6-16 _lCCODEBUL1 _mBUL _n5 _p83.00 _r0 _sY _tBOOK _u2015-6-25 _xTEOLOGIA _zUNKNOWN _0COMPRA _o.STAFF. Colección Teología |
||
| 949 |
_a221.077 L54 1 _wDEWEY _c2 _i57801 _d2016-11-10 _e2016-11-10 _lCCODEBUL1 _mBUL _n5 _p72.00 _r0 _sY _tBOOK _u2015-6-25 _xTEOLOGIA _zUNKNOWN _0COMPRA _o.STAFF. Colección Teología |
||
| 980 |
_818226 _gJaime Vilcazán Jefe de Análisis Documental |
||
| 999 |
_c46798 _d46798 |
||